[Event "Titled Tuesday intern op 11th Feb Early"]
[Site "Chess.com INT"]
[Date "2025.02.11"]
[Round "9"]
[White "Kjaergaard Jensen, Jesper"]
[Black "Colonetti, Fabio"]
[Result "0-1"]
[WhiteElo "2081"]
[BlackElo "2135"]
[PlyCount "66"]
[EventDate "2025.02.11"]
[EventType "swiss (blitz)"]
[EventRounds "11"]
[EventCountry "USA"]
[SourceTitle "CB09_2025"]
[SourceDate "2025.02.27"]
[SourceVersion "1"]
[SourceVersionDate "2025.02.27"]
[SourceQuality "1"]

1. d4 Nf6 2. Nf3 e6 3. Bg5 Be7 4. Nbd2 d5 5. Bxf6 Bxf6 6. e4 dxe4 7. Nxe4 Bd7 8. Ne5 Be7 9. Bd3 Bc6 10. Qh5 g6 11. Qf3 f5 12. Nxc6 Nxc6 13. Nd2 Qxd4 14. 0-0-0 0-0-0 15. Bb5 Ne5 16. Qb3 Kb8 17. g3 Qxf2 18. Qxe6 Bg5 19. Qxe5 Bxd2+ 20. Kb1 Rhe8 21. Qg7 a6 22. Bd3 Be3 23. Qf7 Bd4 24. Qb3 Qe3 25. Rhf1 Qe6 26. Qxe6 Rxe6 27. Rf4 Be5 28. Rh4 Rb6 29. b3 h5 30. Kc1 Rbd6 31. Kd2 Bf6 32. Rc4 Bg5+ 33. Ke2 b5 0-1

[Event "Titled Tuesday intern op 11th Feb Early"]
[Site "Chess.com INT"]
[Date "2025.02.11"]
[Round "4"]
[White "Rasti, Arvin"]
[Black "Colonetti, Fabio"]
[Result "1-0"]
[WhiteElo "2232"]
[BlackElo "2135"]
[PlyCount "47"]
[EventDate "2025.02.11"]
[EventType "swiss (blitz)"]
[EventRounds "11"]
[EventCountry "USA"]
[SourceTitle "CB09_2025"]
[SourceDate "2025.02.27"]
[SourceVersion "1"]
[SourceVersionDate "2025.02.27"]
[SourceQuality "1"]

1. e4 e5 2. Ke2 Ke7 3. Nf3 d6 4. Nc3 Nf6 5. d4 Bg4 6. dxe5 Bxf3+ 7. Kxf3 dxe5 8. Qxd8+ Kxd8 9. Bc4 Ke8 10. Bg5 Be7 11. Rhd1 Nc6 12. Bb5 h6 13. Be3 Bd6 14. Nd5 Nd7 15. c3 f6 16. h4 h5 17. a4 a5 18. b4 Ne7 19. Nxc7+ Bxc7 20. Rxd7 Bd8 21. Rxb7+ Kf8 22. Rd1 Rc8 23. Bc5 Kf7 24. Rxd8 1-0

[Event "Titled Tuesday intern op 04th Feb Late"]
[Site "Chess.com INT"]
[Date "2025.02.04"]
[Round "5"]
[White "Colonetti, Fabio"]
[Black "Grot, Blazej"]
[Result "0-1"]
[WhiteElo "2135"]
[BlackElo "2190"]
[PlyCount "46"]
[EventDate "2025.02.04"]
[EventType "swiss (blitz)"]
[EventRounds "11"]
[EventCountry "USA"]
[SourceTitle "CB07_2025"]
[SourceDate "2025.02.12"]
[SourceVersion "1"]
[SourceVersionDate "2025.02.12"]
[SourceQuality "1"]

1. Nf3 Nf6 2. d4 e6 3. e3 c5 4. Be2 b6 5. 0-0 Bb7 6. h3 Be7 7. b3 d6 8. Bb2 Nbd7 9. c4 0-0 10. Nc3 Rc8 11. Qd2 a6 12. Rfd1 Rc7 13. d5 exd5 14. cxd5 b5 15. e4 b4 16. Na4 Nxe4 17. Qf4 Nef6 18. Bc4 Re8 19. Nh4 Bf8 20. Nf5 Ne5 21. Qg3 Nh5 22. Qh2 Qg5 23. Ne3 Nf3+ 0-1

[Event "Titled Tuesday intern op 04th Feb Late"]
[Site "Chess.com INT"]
[Date "2025.02.04"]
[Round "6"]
[White "Colonetti, Fabio"]
[Black "Pinto, Daniel"]
[Result "0-1"]
[WhiteElo "2135"]
[BlackElo "2331"]
[PlyCount "132"]
[EventDate "2025.02.04"]
[EventType "swiss (blitz)"]
[EventRounds "11"]
[EventCountry "USA"]
[SourceTitle "CB07_2025"]
[SourceDate "2025.02.12"]
[SourceVersion "1"]
[SourceVersionDate "2025.02.12"]
[SourceQuality "1"]

1. e4 c5 2. Nf3 Nc6 3. Bb5 g6 4. 0-0 Bg7 5. c3 Nf6 6. Re1 d5 7. e5 Nd7 8. d4 0-0 9. h4 cxd4 10. cxd4 Nb6 11. h5 Bg4 12. Bxc6 bxc6 13. h6 Bh8 14. Bg5 f6 15. exf6 Bxf6 16. Bxf6 Rxf6 17. Nbd2 Qd6 18. Qe2 Re6 19. Qd3 Bf5 20. Qc3 Nd7 21. Nb3 Re4 22. Nc5 Nxc5 23. dxc5 Qf6 24. Qb3 Rf8 25. Re3 Rxe3 26. Qxe3 Qxb2 27. Re1 Be4 28. Ng5 Qf6 29. Nxe4 dxe4 30. Re2 Qf4 31. Qxe4 Qc1+ 32. Kh2 Qxh6+ 33. Kg1 Qc1+ 34. Kh2 Qxc5 35. Qe6+ Rf7 36. Qc8+ Kg7 37. f3 Qh5+ 38. Kg1 Qc5+ 39. Kh2 Qd6+ 40. Kg1 Qd1+ 41. Kf2 Qd4+ 42. Kf1 c5 43. Qc7 Qd6 44. Qxa7 c4 45. Qa5 Qd1+ 46. Kf2 Qd4+ 47. Kf1 e6 48. Qe5+ Qxe5 49. Rxe5 Rc7 50. Ke2 Kf6 51. Re3 Ra7 52. Rc3 Rxa2+ 53. Kf1 Ra4 54. Kf2 Ke5 55. Ke3 Kd5 56. Kf4 e5+ 57. Ke3 Rb4 58. g4 Rb3 59. Kd2 Rxc3 60. Kxc3 g5 61. Kd2 Kd4 62. Kc2 c3 63. Kd1 Kd3 64. Kc1 c2 65. f4 exf4 66. Kb2 Kd2 0-1

[Event "ITA-ch sf 83rd"]
[Site "Parma"]
[Date "2024.07.28"]
[Round "9"]
[White "Giampieri, Stefano"]
[Black "Colonetti, Fabio"]
[Result "1-0"]
[WhiteElo "1972"]
[BlackElo "2169"]
[PlyCount "107"]
[EventDate "2024.07.21"]
[EventType "swiss"]
[EventRounds "9"]
[EventCountry "ITA"]
[SourceTitle "CBM 221 Extra"]
[Source "ChessBase"]
[SourceDate "2024.09.30"]
[SourceVersion "1"]
[SourceVersionDate "2024.09.30"]
[SourceQuality "1"]

1. e4 c5 2. Nf3 d6 3. d4 cxd4 4. Nxd4 Nf6 5. Nc3 a6 6. h3 e5 7. Nf3 Be7 8. g4 h6 9. Rg1 b5 10. g5 hxg5 11. Nxg5 Bb7 12. Be3 Nbd7 13. a4 b4 14. Bc4 0-0 15. Nd5 Nxd5 16. exd5 Nf6 17. Qf3 Qc8 18. b3 g6 19. h4 Kh8 20. h5 gxh5 21. Rh1 Kg7 22. Rxh5 Nxh5 23. Qxh5 Qf5 24. Bd3 Rh8 25. Qe2 Qxg5 26. 0-0-0 Qh5 27. Rg1+ Kf8 28. f3 Bf6 29. Be4 Ke7 30. Qc4 Rac8 31. Qxb4 Rc7 32. f4 Qe2 33. Re1 Qh5 34. Bb6 Rd7 35. fxe5 Bxe5 36. Bd4 f6 37. Rg1 Qh6+ 38. Kb1 Rc7 39. Bxe5 fxe5 40. Rg6 Qxg6 41. Bxg6 Bxd5 42. Qa5 Rc5 43. Qxa6 Rb8 44. Qd3 Be6 45. Qe3 Rb4 46. Qg5+ Kd7 47. Qf6 Rd4 48. Qg7+ Kc6 49. Qa7 Rb4 50. Be8+ Kd5 51. Qh7 e4 52. Qg7 Rb8 53. Bb5 Rg8 54. c4+ 1-0

[Event "ITA-ch sf 83rd"]
[Site "Parma"]
[Date "2024.07.25"]
[Round "6"]
[White "Colonetti, Fabio"]
[Black "Cagnotto, Marco"]
[Result "1/2-1/2"]
[WhiteElo "2169"]
[BlackElo "2101"]
[PlyCount "38"]
[EventDate "2024.07.21"]
[EventType "swiss"]
[EventRounds "9"]
[EventCountry "ITA"]
[SourceTitle "CBM 221 Extra"]
[Source "ChessBase"]
[SourceDate "2024.09.30"]
[SourceVersion "1"]
[SourceVersionDate "2024.09.30"]
[SourceQuality "1"]

1. d4 d6 2. Nf3 g6 3. g3 Bg7 4. Bg2 f5 5. 0-0 Nf6 6. c4 0-0 7. Nc3 c6 8. b3 Qc7 9. Bb2 Na6 10. Qc2 Bd7 11. Rad1 Rfe8 12. Rfe1 Nb4 13. Qb1 a5 14. d5 e5 15. dxe6 Bxe6 16. Nd4 Bf7 17. e3 Rad8 18. a3 Na6 19. Qa1 Nc5 1/2-1/2

[Event "ITA-ch sf 83rd"]
[Site "Parma"]
[Date "2024.07.24"]
[Round "5"]
[White "Colonetti, Fabio"]
[Black "Giordani, Luca"]
[Result "1/2-1/2"]
[WhiteElo "2169"]
[BlackElo "2035"]
[PlyCount "82"]
[EventDate "2024.07.21"]
[EventType "swiss"]
[EventRounds "9"]
[EventCountry "ITA"]
[SourceTitle "CBM 221 Extra"]
[Source "ChessBase"]
[SourceDate "2024.09.30"]
[SourceVersion "1"]
[SourceVersionDate "2024.09.30"]
[SourceQuality "1"]

1. c4 c5 2. g3 Nc6 3. Bg2 g6 4. Nc3 Bg7 5. Nf3 d6 6. 0-0 e5 7. a3 Nge7 8. Rb1 Be6 9. d3 h6 10. b4 Qd7 11. Ne1 0-0 12. Nc2 cxb4 13. Nxb4 Nxb4 14. axb4 d5 15. cxd5 Nxd5 16. Nxd5 Bxd5 17. Be3 Bxg2 18. Kxg2 b6 19. Qb3 a5 20. b5 Rfc8 21. Qa4 h5 22. f3 Qd6 23. Rfc1 Rxc1 24. Rxc1 Qb4 25. Ra1 Bf8 26. Bxb6 Qxa4 27. Rxa4 Rb8 28. Bc7 Rxb5 29. Rxa5 Rb2 30. Rxe5 f6 31. Re4 f5 32. Re3 Bc5 33. Be5 Rb3 34. Bf4 Bxe3 35. Bxe3 Kf7 36. Kf2 Ke6 37. Bf4 Rb2 38. Ke3 Kd5 39. h4 Ra2 40. Bg5 Rb2 41. Bh6 Rb4 1/2-1/2

[Event "Titled Tuesday intern op 09th Jul Early"]
[Site "Chess.com INT"]
[Date "2024.07.09"]
[Round "10"]
[White "Colonetti, Fabio"]
[Black "Atanasov, Radislav"]
[Result "0-1"]
[WhiteElo "2169"]
[BlackElo "1996"]
[PlyCount "34"]
[EventDate "2024.07.09"]
[EventType "swiss (blitz)"]
[EventRounds "11"]
[EventCountry "USA"]
[SourceTitle "EXT 2025"]
[Source "ChessBase"]
[SourceDate "2024.10.14"]
[SourceVersion "1"]
[SourceVersionDate "2024.10.14"]
[SourceQuality "1"]

1. e4 e5 2. Nc3 Nf6 3. g3 c6 4. Bg2 d5 5. exd5 cxd5 6. d4 exd4 7. Qxd4 Nc6 8. Qd1 Bb4 9. Bd2 0-0 10. Nf3 d4 11. Ne2 Bxd2+ 12. Qxd2 Ne4 13. Qd3 Re8 14. 0-0-0 Nxf2 15. Qc4 Be6 16. Qb5 Nxh1 17. Nexd4 Nf2 0-1

[Event "Titled Tuesday intern op 09th Jul Early"]
[Site "Chess.com INT"]
[Date "2024.07.09"]
[Round "1"]
[White "Iskusnyh, Sergei"]
[Black "Colonetti, Fabio"]
[Result "1-0"]
[WhiteElo "2440"]
[BlackElo "2169"]
[PlyCount "71"]
[EventDate "2024.07.09"]
[EventType "swiss (blitz)"]
[EventRounds "11"]
[EventCountry "USA"]
[SourceTitle "EXT 2025"]
[Source "ChessBase"]
[SourceDate "2024.10.14"]
[SourceVersion "1"]
[SourceVersionDate "2024.10.14"]
[SourceQuality "1"]

1. d4 Nf6 2. c4 e6 3. g3 d5 4. Bg2 dxc4 5. Nf3 Nc6 6. 0-0 Be7 7. Qa4 0-0 8. Qxc4 a6 9. Nc3 Rb8 10. Rd1 Nb4 11. e4 b5 12. Qe2 Bb7 13. Bf4 Qc8 14. Rac1 Nh5 15. Be3 Nf6 16. a3 Nc6 17. d5 Na5 18. Nd2 Rd8 19. b4 Nc4 20. Nxc4 bxc4 21. Bh3 c6 22. dxe6 fxe6 23. Qxc4 Rxd1+ 24. Rxd1 Qf8 25. Qxe6+ Kh8 26. Bg2 Re8 27. Qc4 Ng4 28. Bb6 c5 29. Bxc5 Bxc5 30. Qxc5 Qf6 31. h3 Rc8 32. Qd4 Ne5 33. Nd5 Bxd5 34. exd5 Rc4 35. Qa7 Rc2 36. Qa8+ 1-0

[Event "Titled Tuesday intern op 09th Jul Early"]
[Site "Chess.com INT"]
[Date "2024.07.09"]
[Round "3"]
[White "Panesar, Vedant"]
[Black "Colonetti, Fabio"]
[Result "1-0"]
[WhiteElo "2436"]
[BlackElo "2169"]
[PlyCount "55"]
[EventDate "2024.07.09"]
[EventType "swiss (blitz)"]
[EventRounds "11"]
[EventCountry "USA"]
[SourceTitle "EXT 2025"]
[Source "ChessBase"]
[SourceDate "2024.10.14"]
[SourceVersion "1"]
[SourceVersionDate "2024.10.14"]
[SourceQuality "1"]

1. e4 g6 2. d4 c6 3. Nc3 Bg7 4. Be3 d5 5. e5 Nh6 6. h3 Nf5 7. Bf4 h5 8. Nf3 0-0 9. Bd3 f6 10. 0-0 Na6 11. Bxa6 bxa6 12. Re1 Qb6 13. Na4 Qb4 14. c3 Qa5 15. Nc5 Rb8 16. exf6 Bxf6 17. Bxb8 Nh4 18. Nxh4 Bxh4 19. Bg3 Bxg3 20. fxg3 Qc7 21. Qd3 Bf5 22. Qe3 Re8 23. Rf1 e5 24. Rae1 e4 25. Qf4 Qb6 26. b4 e3 27. Rxe3 Re4 28. Nxe4 1-0

[Event "Titled Tuesday intern op 05th Dec Early"]
[Site "Chess.com INT"]
[Date "2023.12.05"]
[Round "3"]
[White "Colonetti, Fabio"]
[Black "Herman, Matthew J"]
[Result "0-1"]
[WhiteElo "2132"]
[BlackElo "2383"]
[PlyCount "64"]
[EventDate "2023.12.05"]
[EventType "swiss (blitz)"]
[EventRounds "11"]
[EventCountry "USA"]
[SourceTitle "EXT 2025"]
[Source "ChessBase"]
[SourceDate "2024.10.14"]
[SourceVersion "1"]
[SourceVersionDate "2024.10.14"]
[SourceQuality "1"]

1. e4 e5 2. Nf3 Nc6 3. Bb5 a6 4. Ba4 Nf6 5. d3 b5 6. Bb3 Bc5 7. c3 d6 8. 0-0 Bg4 9. h3 Bh5 10. a4 b4 11. Bg5 h6 12. Bxf6 Qxf6 13. Bd5 Kd7 14. cxb4 Bxf3 15. gxf3 Nxb4 16. Bxa8 Rxa8 17. Nc3 Qg5+ 18. Kh2 Qf4+ 19. Kg2 Qg5+ 20. Kh1 Qh4 21. Kg2 Re8 22. Qd2 Re6 23. Rh1 Nxd3 24. Kf1 Rf6 25. Ke2 Nxf2 26. Nd5 Rxf3 27. Kxf3 Qxe4+ 28. Kg3 Nxh1+ 29. Kh2 Nf2 30. Rf1 Qf3 31. b4 Qxh3+ 32. Kg1 Qh1# 0-1

[Event "Titled Tuesday intern op 05th Dec Early"]
[Site "Chess.com INT"]
[Date "2023.12.05"]
[Round "4"]
[White "Nikulina, Alena"]
[Black "Colonetti, Fabio"]
[Result "1/2-1/2"]
[WhiteElo "1844"]
[BlackElo "2132"]
[PlyCount "61"]
[EventDate "2023.12.05"]
[EventType "swiss (blitz)"]
[EventRounds "11"]
[EventCountry "USA"]
[SourceTitle "EXT 2025"]
[Source "ChessBase"]
[SourceDate "2024.10.14"]
[SourceVersion "1"]
[SourceVersionDate "2024.10.14"]
[SourceQuality "1"]

1. e4 c5 2. Nf3 a6 3. c3 e6 4. d4 d5 5. e5 Bd7 6. Bd3 cxd4 7. cxd4 Bb5 8. 0-0 Bxd3 9. Qxd3 Nc6 10. a3 Nh6 11. Bxh6 gxh6 12. Kh1 Bg7 13. Nbd2 0-0 14. b4 f6 15. exf6 Qxf6 16. Nb3 Rae8 17. Rad1 h5 18. Nc5 h4 19. h3 Re7 20. Rfe1 Qf4 21. Nxe6 Rxe6 22. Rxe6 Rc8 23. Rde1 Nxd4 24. Nxd4 Bxd4 25. Re8+ Rxe8 26. Rxe8+ Kf7 27. Rh8 Qc1+ 28. Kh2 Qf4+ 29. Kh1 Qc1+ 30. Kh2 Qf4+ 31. Kh1 1/2-1/2

[Event "Titled Tuesday intern op 05th Dec Early"]
[Site "Chess.com INT"]
[Date "2023.12.05"]
[Round "2"]
[White "Yaniuk, Volodymyr"]
[Black "Colonetti, Fabio"]
[Result "1-0"]
[WhiteElo "2223"]
[BlackElo "2132"]
[PlyCount "79"]
[EventDate "2023.12.05"]
[EventType "swiss (blitz)"]
[EventRounds "11"]
[EventCountry "USA"]
[SourceTitle "EXT 2025"]
[Source "ChessBase"]
[SourceDate "2024.10.14"]
[SourceVersion "1"]
[SourceVersionDate "2024.10.14"]
[SourceQuality "1"]

1. d4 d5 2. c4 c6 3. Nf3 Nf6 4. e3 e6 5. b3 Nbd7 6. Bd3 Bd6 7. Bb2 0-0 8. 0-0 Qe7 9. Ne5 Ne4 10. f3 Nef6 11. Qc2 c5 12. f4 dxc4 13. bxc4 h6 14. Nc3 b6 15. Be4 Nxe4 16. Qxe4 Ba6 17. a4 Nf6 18. Qf3 cxd4 19. exd4 Rac8 20. Nb5 Bxb5 21. axb5 Rc7 22. Nc6 Qd7 23. Rad1 a6 24. d5 axb5 25. Bxf6 gxf6 26. Qg4+ Kh7 27. cxb5 exd5 28. Qh5 Bc5+ 29. Kh1 d4 30. Rf3 f5 31. Re1 d3 32. Rh3 Qd6 33. Qxf5+ Qg6 34. Qxd3 Qxd3 35. Rxd3 Kg6 36. g3 Ra8 37. Re2 Ra1+ 38. Kg2 Kf5 39. Rd5+ Kg4 40. h3# 1-0

[Event "Titled Tuesday intern op 05th Dec Early"]
[Site "Chess.com INT"]
[Date "2023.12.05"]
[Round "11"]
[White "Yushko, Olga"]
[Black "Colonetti, Fabio"]
[Result "0-1"]
[WhiteElo "2064"]
[BlackElo "2132"]
[PlyCount "66"]
[EventDate "2023.12.05"]
[EventType "swiss (blitz)"]
[EventRounds "11"]
[EventCountry "USA"]
[SourceTitle "EXT 2025"]
[Source "ChessBase"]
[SourceDate "2024.10.14"]
[SourceVersion "1"]
[SourceVersionDate "2024.10.14"]
[SourceQuality "1"]

1. d4 Nf6 2. c4 e6 3. Nc3 Bb4 4. Qc2 d5 5. cxd5 exd5 6. Nf3 0-0 7. Bg5 h6 8. Bh4 g5 9. Bg3 Ne4 10. e3 h5 11. h4 Nxg3 12. fxg3 g4 13. Ne5 Qf6 14. Bd3 Nd7 15. Rf1 Qh6 16. Rf4 Nxe5 17. dxe5 c5 18. Kf2 f6 19. exf6 Be6 20. Kg1 Rxf6 21. Raf1 Raf8 22. Ne2 c4 23. Bh7+ Kg7 24. Nd4 Rxf4 25. exf4 Bc5 26. Kh2 Bxd4 27. f5 Bd7 28. Bg6 Qe3 29. Bxh5 Bxf5 30. Qd1 Be5 31. Qxd5 Qxg3+ 32. Kg1 Qh2+ 33. Kf2 Be4+ 0-1

[Event "Titled Tuesday intern op 28th Nov Early"]
[Site "Chess.com INT"]
[Date "2023.11.28"]
[Round "3"]
[White "Colonetti, Fabio"]
[Black "Jimenez Almeida, Luis David"]
[Result "0-1"]
[WhiteElo "2128"]
[BlackElo "2208"]
[PlyCount "84"]
[EventDate "2023.11.28"]
[EventType "swiss (blitz)"]
[EventRounds "11"]
[EventCountry "USA"]
[SourceTitle "EXT 2025"]
[Source "ChessBase"]
[SourceDate "2024.10.14"]
[SourceVersion "1"]
[SourceVersionDate "2024.10.14"]
[SourceQuality "1"]

1. e4 c5 2. Nf3 e6 3. c3 d5 4. e5 d4 5. d3 Nc6 6. g3 Nge7 7. Bg2 Ng6 8. Qe2 Qc7 9. Na3 Ngxe5 10. Bf4 Nxf3+ 11. Bxf3 e5 12. Nb5 Qb8 13. Bxc6+ bxc6 14. Bxe5 Qxb5 15. Bxg7+ Be6 16. Bxh8 0-0-0 17. 0-0 dxc3 18. Bxc3 Rxd3 19. a4 Rxg3+ 20. hxg3 Qxe2 21. Rfe1 Qh5 22. Rad1 Bd5 23. Rxd5 cxd5 24. Re8+ Kd7 25. Rxf8 d4 26. Ba5 Qd1+ 27. Kg2 Qxa4 28. Bd2 Qc6+ 29. Kg1 Ke6 30. Bf4 c4 31. Rd8 Qc5 32. Re8+ Kd7 33. Re5 Qc6 34. Rf5 Ke8 35. Re5+ Kd7 36. Rf5 Qe4 37. Rxf7+ Kc6 38. Rf6+ Kb5 39. Kh2 c3 40. bxc3 dxc3 41. Rf7 a5 42. Rb7+ Qxb7 0-1

[Event "Titled Tuesday intern op 28th Nov Early"]
[Site "Chess.com INT"]
[Date "2023.11.28"]
[Round "10"]
[White "Colonetti, Fabio"]
[Black "Kanyamarala, Trisha"]
[Result "0-1"]
[WhiteElo "2128"]
[BlackElo "2181"]
[PlyCount "52"]
[EventDate "2023.11.28"]
[EventType "swiss (blitz)"]
[EventRounds "11"]
[EventCountry "USA"]
[SourceTitle "EXT 2025"]
[Source "ChessBase"]
[SourceDate "2024.10.14"]
[SourceVersion "1"]
[SourceVersionDate "2024.10.14"]
[SourceQuality "1"]

1. e4 c5 2. Nf3 d6 3. d4 cxd4 4. Nxd4 Nf6 5. Nc3 Nc6 6. Bg5 e6 7. Qd2 a6 8. 0-0-0 Bd7 9. f4 b5 10. Bxf6 gxf6 11. f5 b4 12. Nce2 e5 13. Nxc6 Bxc6 14. Ng3 h5 15. Kb1 h4 16. Ne2 a5 17. Qd3 a4 18. Nc1 Qb6 19. Be2 a3 20. b3 Ra5 21. Qd2 Rc5 22. Nd3 Rc3 23. Qe1 Qd4 24. Nxb4 Rxb3+ 25. Kc1 Bh6+ 26. Rd2 Qa1# 0-1